Cities Closest to Austin - Statistics

General Stats
  • This quiz has been taken 13 times
    10 since last reset
  • The average score is 4 of 15
Answer Stats
mi Answer km % Correct
19 Round Rock 30
75%
80 San Antonio 128
75%
31 San Marcos 49
75%
48 New Braunfels 77
50%
102 Waco 164
50%
97 Boerne (Texas) 156
25%
103 Bryan (Texas) 165
25%
48 Gruene 77
25%
33 Lockhart 53
25%
50 Blanco 80
0%
114 Comfort 183
0%
80 Fredericksburg (Texas) 128
0%
103 Kerrville 165
0%
76 Nixon (Texas) 122
0%
38 Wimberley 61
0%
No matching quizzes found
Score Distribution
Percent of People with Each Score
Percentile by Number Answered
Your Score History
You have not taken this quiz since the last reset